Name That Cheese! Quiz Stats

 Plays Quiz not verified by Sporcle

Score 0/16 Timer 08:00
0 Plays Today
Origin Cheese % Correct
United KingdomCheddar
90.2%
GreekFeta
80.1%
SwitzerlandGruyere
73.8%
FranceBrie
73%
The NetherlandsGouda
63.3%
ItalyParmesan
60.2%
FranceRoquefort
57.4%
ItalyGorgonzola
37.1%
Origin Cheese % Correct
ItalyProvolone
30.9%
DenmarkHavarti
25.4%
FranceGoat Cheese
19.5%
ItalyMozzerella
17.6%
FranceMunster
12.5%
The Netherlands/BelgiumLimburger
10.9%
United StatesCheese Whiz
2%
United StatesAmercian
1.6%

You're not logged in!

Compare scores with friends on all Sporcle quizzes.
OR
Log In

Show Comments

Extras

Top Quizzes Today


Score Distribution

Your Account Isn't Verified!

In order to create a playlist on Sporcle, you need to verify the email address you used during registration. Go to your Sporcle Settings to finish the process.

Report this User

Report this user for behavior that violates our Community Guidelines.

Details: